Plus Beaux Villages de France par images #9 - Statistiques

Statistiques générales
  • Ce quiz a été pris 6 fois
  • Le résultat moyen est 2 sur 16
Statistiques - réponses
Par images Hint Réponse % Correct
Lot (46) Martel
40%
Vienne (86) Angles-sur-l'Anglin
20%
Alpes-Maritimes (06) Gourdon
20%
Bouches-du-Rhône (13) Les Baux-de-Provence
20%
Cantal (15) Marcolès
20%
Drôme (26) Mirmande
20%
Gers (32) Montréal-du-Gers
20%
Dordogne (24) Saint-Amand-de-Coly
20%
Corrèze (19) Ségur-le-Château
20%
Aveyron (12) Villeneuve-d'Aveyron
20%
Gard (30) Aiguèze
0%
Tarn (81) Castelnau-de-Montmiral
0%
Haute-Loire (43) Lavoûte-Chilhac
0%
Var (83) Le Castellet
0%
Lot-et-Garonne (47) Pujols
0%
Vaucluse (84) Venasque
0%
Aucun quiz correspondant
Distribution des résultats
% des personnes avec chaque résultat
Percentile par nombre de réponses
Votre historique - résultats
Vous n’avez pas pris ce quiz